000 00255nam a2200109Ia 4500
008 200302s9999 xx 000 0 und d
100 _aAuthor
245 _aPreparing to Build
260 _bHer Majesty s Stationery Office
260 _c1965
300 _a32 P.,
999 _c512
_d512